The Teachers Hand Book: (Record no. 18073)
[ view plain ]
| 000 -LEADER | |
|---|---|
| fixed length control field | nam a22 7a 4500 |
| 001 - ACCESSION NUMBER | |
| control field | 719 |
| 003 - CONTROL NUMBER IDENTIFIER | |
| control field | OSt |
| 005 - DATE AND TIME OF LATEST TRANSACTION | |
| control field | 20211215115159.0 |
| 008 - FIXED-LENGTH DATA ELEMENTS--GENERAL INFORMATION | |
| fixed length control field | 211215b xxu||||| |||| 00| 0 eng d |
| 020 ## - INTERNATIONAL STANDARD BOOK NUMBER | |
| International Standard Book Number | 0713733543 |
| 040 ## - CATALOGING SOURCE | |
| Transcribing agency | DDC |
| 082 ## - DEWEY DECIMAL CLASSIFICATION NUMBER | |
| Classification number | R/300 MAT |
| 100 ## - MAIN ENTRY--PERSONAL NAME | |
| Relator code | Paul Mathias |
| 245 ## - TITLE STATEMENT | |
| Title | The Teachers Hand Book: |
| Remainder of title | For Social Studies |
| Statement of responsibility, etc. | Paul Mathias |
| 260 ## - PUBLICATION, DISTRIBUTION, ETC. (IMPRINT) | |
| Place of publication, distribution, etc. | London |
| Name of publisher, distributor, etc. | Blandford Press LTD |
| Date of publication, distribution, etc. | 1973 |
| 300 ## - PHYSICAL DESCRIPTION | |
| Extent | 363 P, : |
| Other physical details | ill, |
| Dimensions | 21 cm |
| 942 ## - ADDED ENTRY ELEMENTS (KOHA) | |
| Source of classification or shelving scheme | Dewey Decimal Classification |
| Koha item type | Books |
| Withdrawn status | Lost status | Source of classification or shelving scheme | Damaged status | Not for loan | Home library | Current library | Date acquired | Total Checkouts | Full call number | Barcode | Date last seen | Price effective from | Koha item type |
|---|---|---|---|---|---|---|---|---|---|---|---|---|---|
| Dewey Decimal Classification | Not For Loan | Wesley Powell Learning Resource Centre | Wesley Powell Learning Resource Centre | 12/15/2021 | R/300 MAT | 719 | 12/15/2021 | 12/15/2021 | Books |